Bioregenerative engineering : principles and applications

Bioregenerative engineering is an emerging discipline based on applying engineering principles and technologies to regenerative medicine. It induces, modulates, enhances, and/or controls regenerative processes by using engineering approaches to improve the restoration of the structure and function o...

Descripción completa

Guardado en:
Detalles Bibliográficos
Autor principal: Liu, Shu Q.
Formato: Libro
Lenguaje:Undetermined
Publicado: Hoboken, N.J. Wiley-Interscience 2007
Materias:
Etiquetas: Agregar Etiqueta
Sin Etiquetas, Sea el primero en etiquetar este registro!
Thư viện lưu trữ: Trung tâm Học liệu Trường Đại học Cần Thơ
LEADER 00965nam a2200217Ia 4500
001 CTU_163712
008 210402s9999 xx 000 0 und d
020 |c 96.81 
082 |a 610.28 
082 |b L783 
100 |a Liu, Shu Q. 
245 0 |a Bioregenerative engineering : 
245 0 |b principles and applications 
245 0 |c Shu Q. Liu 
260 |a Hoboken, N.J. 
260 |b Wiley-Interscience 
260 |c 2007 
520 |a Bioregenerative engineering is an emerging discipline based on applying engineering principles and technologies to regenerative medicine. It induces, modulates, enhances, and/or controls regenerative processes by using engineering approaches to improve the restoration of the structure and function of disordered or lost molecules, cells, tissues, and organs 
650 |a Biomedical engineering,Regenerative medicine,Kỹ thuật y sinh 
910 |a Nguyên 
980 |a Trung tâm Học liệu Trường Đại học Cần Thơ